| 000 | 00566nam a2200241 a 4500 | ||
|---|---|---|---|
| 001 | nice12345678 | ||
| 003 | IN_TiNIC | ||
| 005 | 20260116011346.0 | ||
| 008 | 050524s1961 lona grp 000 0 eng | ||
| 020 |
_a _c100 |
||
| 082 | 0 | 0 |
_a230.1 _bDOD |
| 100 | _aDodd, C H | ||
| 245 | _aAccording to the Scriptures | ||
| 260 |
_aLondon _bJames Nisbet and Co _c1961 |
||
| 300 | _a145p | ||
| 500 | _aincludes index and biblioraphy | ||
| 505 | 2 | _aIndex | |
| 650 | _aTheology-Early Church | ||
| 700 | 1 | _aDodd, C H | |
| 902 | _bSRS | ||
| 942 | _cBK | ||
| 999 |
_c819 _d819 |
||